00341nam a2200145Ia 4500008004100000020001500041041001200056082001100068100002100079245002800100260003100128300000700159650001200166700001700178221030s9999 xx 000 0 und d a0333906055 aEnglish a105.23 aW. W. S. Bhaskar 0aEnglish Through Reading bMacmillanaNew Delhic2006 a90 aEnglish aN. S. Prabhu